000 00599nam a22001937a 4500
003 OSt
005 20140310183008.0
008 130211t xxu||||| |||| 00| 0 eng d
020 _a9789719213789
050 _aTX 933.3
_b.R744 2007
100 _aRoldan, Amelia Samson.
245 _aOperating and managing a hotel & restaurant business /
_cAmelia Samson-Roldan.
260 _aParaƱaque City :
_bAR Skills Development and Management Services,
_c2007.
300 _aviii, 308 p. :
_bill. ;
_c26 cm.
521 _aTOU
650 _aRestaurant Management
942 _2lcc
_cBK
_kLOC
999 _c18195
_d18195